[Event "Gibtelecom Festival 2010 - Challenger 2"]
[Site "Gibraltar ENG"]
[Date "2010.02.01"]
[Round "2.48"]
[White "Kympergr, Vojtech"]
[Black "Thompson, David"]
[Result "1/2-1/2"]
[WhiteElo "1599"]
[BlackElo "1900"]
[PlyCount "27"]
[EventDate "2010.01.31"]
[EventType "swiss"]
[EventRounds "5"]
[EventCountry "ENG"]
[Source "lmi"]
[SourceDate "2010.01.31"]

1. e4 g6 2. d4 d6 3. c4 Bg7 4. Nc3 Nc6 5. Nge2 Bd7 6. Be3 a6 7. a4 e5 8. d5
Nce7 9. Rb1 f5 10. Bg5 Nf6 11. f3 O-O 12. Qd2 f4 13. Bh4 Kh8 14. h3 1/2-1/2

[Event "Gibtelecom Festival 2010 - Challenger 2"]
[Site "Gibraltar ENG"]
[Date "2010.02.01"]
[Round "2.49"]
[White "Pereira, Johnharry"]
[Black "Whatley, Stephen Arthur Ja"]
[Result "1-0"]
[WhiteElo "1892"]
[BlackElo "1408"]
[PlyCount "57"]
[EventDate "2010.01.31"]
[EventType "swiss"]
[EventRounds "5"]
[EventCountry "ENG"]
[Source "lmi"]
[SourceDate "2010.01.31"]

1. d4 Nf6 2. c4 g6 3. Nc3 d5 4. Nf3 Bg7 5. Qb3 dxc4 6. Qxc4 O-O 7. e4 Bg4 8.
Be2 Nc6 9. Be3 Nd7 10. Rd1 Nb6 11. Qc5 Qd6 12. O-O Rad8 13. Nb5 Qxc5 14. dxc5
Bxf3 15. gxf3 Na8 16. Bf4 Bxb2 17. Nxc7 Be5 18. Nd5 e6 19. Ne7+ Nxe7 20. Bxe5
Nc6 21. Bf6 Rc8 22. Rd7 Rc7 23. Rfd1 Rfc8 24. Bb5 Rxd7 25. Rxd7 h5 26. Rxb7 Kh7
27. Rxf7+ Kh6 28. h4 a5 29. Bg5# 1-0

[Event "Gibtelecom Festival 2010 - Challenger 2"]
[Site "Gibraltar ENG"]
[Date "2010.02.01"]
[Round "2.51"]
[White "Garcia Magadan, Ramon"]
[Black "Rioseco Pinochet, Fernan"]
[Result "1-0"]
[WhiteElo "2035"]
[BlackElo "2226"]
[PlyCount "65"]
[EventDate "2010.01.31"]
[EventType "swiss"]
[EventRounds "5"]
[EventCountry "ENG"]
[Source "lmi"]
[SourceDate "2010.01.31"]

1. e4 c5 2. Nf3 e6 3. d4 cxd4 4. Nxd4 a6 5. Bd3 Qc7 6. O-O Nf6 7. Qe2 d6 8. c4
Be7 9. f4 Nbd7 10. Nc3 O-O 11. Kh1 b6 12. Bd2 Bb7 13. Rae1 g6 14. f5 exf5 15.
exf5 Rfe8 16. fxg6 hxg6 17. Bxg6 fxg6 18. Qe6+ Kh8 19. Re3 Ne5 20. Rh3+ Nh5 21.
Rxh5+ gxh5 22. Qh6+ Kg8 23. Ne6 Bxg2+ 24. Kxg2 Qb7+ 25. Nd5 Bh4 26. Bg5 Ng4 27.
Qg6+ Kh8 28. Rf7 Qxf7 29. Qxf7 Rxe6 30. Bxh4 Re2+ 31. Kf1 Re5 32. Ne7 Rxe7 33.
Bxe7 1-0

[Event "Gibtelecom Festival 2010 - Challenger 2"]
[Site "Gibraltar ENG"]
[Date "2010.02.02"]
[Round "3.1"]
[White "Montero Melendez, Rafael"]
[Black "Henriksson, Johan"]
[Result "1/2-1/2"]
[WhiteElo "2248"]
[BlackElo "2204"]
[PlyCount "100"]
[EventDate "2010.01.31"]
[EventType "swiss"]
[EventRounds "5"]
[EventCountry "ENG"]
[Source "lmi"]
[SourceDate "2010.01.31"]

1. d4 d5 2. c4 c6 3. Nc3 dxc4 4. e4 b5 5. a4 b4 6. Nce2 Nf6 7. Ng3 Ba6 8. Nf3
e6 9. Bg5 Qa5 10. Be2 Nbd7 11. O-O Be7 12. e5 Nd5 13. Bxe7 Nxe7 14. Qc1 O-O 15.
Qg5 Ng6 16. h4 Qd8 17. Qg4 f5 18. exf6 Qxf6 19. Rac1 Nb6 20. a5 Nd5 21. h5 Ngf4
22. Bxc4 Bxc4 23. Rxc4 Qd8 24. Rxc6 Rc8 25. Rfc1 Rxc6 26. Rxc6 h6 27. Ne5 Qxa5
28. Rxe6 Nxe6 29. Qxe6+ Kh7 30. Qg6+ Kh8 31. Nf7+ Rxf7 32. Qxf7 Nf6 33. Qg6 Qg5
34. Qxg5 hxg5 35. Kf1 a5 36. Ke2 a4 37. Kd3 a3 38. bxa3 bxa3 39. Kc2 Nd5 40.
Ne4 Nb4+ 41. Kb3 a2 42. Kb2 g4 43. Nc3 a1=Q+ 44. Kxa1 Nc2+ 45. Kb2 Nxd4 46. Nd5
Kh7 47. Nf4 Kh6 48. Kc3 Nf5 49. Kd3 g3 50. f3 Kg5 1/2-1/2

[Event "Gibtelecom Festival 2010 - Challenger 2"]
[Site "Gibraltar ENG"]
[Date "2010.02.02"]
[Round "3.2"]
[White "Haarr, Jon Kristian"]
[Black "Avalos Parra, Joao"]
[Result "1-0"]
[WhiteElo "2157"]
[BlackElo "2245"]
[PlyCount "99"]
[EventDate "2010.01.31"]
[EventType "swiss"]
[EventRounds "5"]
[EventCountry "ENG"]
[Source "lmi"]
[SourceDate "2010.01.31"]

1. e4 e6 2. d4 d5 3. Nc3 Bb4 4. Nge2 Nc6 5. Be3 Nge7 6. a3 Ba5 7. f3 O-O 8. Qd2
e5 9. O-O-O b5 10. b4 Bb6 11. dxe5 Nxe5 12. Nf4 Bb7 13. Nfxd5 Bxd5 14. Nxd5
Nxd5 15. exd5 Re8 16. Bxb6 axb6 17. Bxb5 Rxa3 18. Qd4 Re7 19. Rhe1 Qd6 20. Kb2
Ra8 21. c3 Rd8 22. Kb3 Ng6 23. Rxe7 Nxe7 24. g3 h5 25. Bc4 g6 26. f4 Nf5 27.
Qe5 Qd7 28. Ra1 Re8 29. Qf6 Nd6 30. Bd3 Nf5 31. Qc6 Qxc6 32. dxc6 Nd6 33. Ra7
Re7 34. Bf1 Kg7 35. Ra8 Re1 36. Bd3 Re3 37. Kc2 Re1 38. c4 Rh1 39. c5 bxc5 40.
bxc5 Rxh2+ 41. Kc3 Nf5 42. Bxf5 gxf5 43. Rc8 Rg2 44. Rxc7 Rxg3+ 45. Kd4 Rg1 46.
Rb7 Rd1+ 47. Ke5 Rc1 48. Kd6 Rd1+ 49. Ke7 Rc1 50. Rb5 1-0

[Event "Gibtelecom Festival 2010 - Challenger 2"]
[Site "Gibraltar ENG"]
[Date "2010.02.02"]
[Round "3.3"]
[White "Lumsdon, Andrew"]
[Black "Lyell, Mark"]
[Result "0-1"]
[WhiteElo "2090"]
[BlackElo "2224"]
[PlyCount "56"]
[EventDate "2010.01.31"]
[EventType "swiss"]
[EventRounds "5"]
[EventCountry "ENG"]
[Source "lmi"]
[SourceDate "2010.01.31"]

1. d4 d6 2. Nf3 f5 3. c4 Nf6 4. Nc3 g6 5. Bg5 Bg7 6. Bxf6 Bxf6 7. e4 Nc6 8.
exf5 Bxf5 9. Bd3 Bg4 10. h3 Bxf3 11. Qxf3 Nxd4 12. Qxb7 O-O 13. Nd5 Bh4 14. O-O
c6 15. Ne3 e5 16. Ng4 Bg5 17. c5 Rf7 18. Qb4 Rb8 19. Qc3 h5 20. Ne3 d5 21. Rae1
Qf6 22. Nc2 Bh4 23. Nxd4 Bxf2+ 24. Kh1 exd4 25. Qc2 Bxe1 26. Rxf6 Rxf6 27. Bxg6
Rf1+ 28. Kh2 h4 0-1

[Event "Gibtelecom Festival 2010 - Challenger 2"]
[Site "Gibraltar ENG"]
[Date "2010.02.02"]
[Round "3.4"]
[White "Byrn, Carsten"]
[Black "Demac, Elias"]
[Result "1/2-1/2"]
[WhiteElo "2171"]
[BlackElo "2104"]
[PlyCount "93"]
[EventDate "2010.01.31"]
[EventType "swiss"]
[EventRounds "5"]
[EventCountry "ENG"]
[Source "lmi"]
[SourceDate "2010.01.31"]

1. d4 Nf6 2. c4 g6 3. Nc3 Bg7 4. e4 d6 5. Nf3 O-O 6. h3 e5 7. d5 a5 8. Bg5 h6
9. Be3 Na6 10. Nd2 Nh7 11. g4 Nc5 12. Rg1 Bd7 13. Nb3 Nxb3 14. Qxb3 b6 15. Qd1
Kh8 16. f3 f5 17. Bg2 b5 18. cxb5 fxe4 19. fxe4 h5 20. Kd2 hxg4 21. hxg4 Qh4
22. Bf3 Bh6 23. Bxh6 Qxh6+ 24. Kc2 Qe3 25. Be2 Rf4 26. Qd3 Qc5 27. Raf1 Raf8
28. Rxf4 Rxf4 29. Rh1 Kg8 30. Qh3 Rf7 31. Qh4 Qe3 32. g5 Rg7 33. Bg4 Bxg4 34.
Qxg4 Qxg5 35. Qe6+ Kh8 36. Qc8+ Rg8 37. Rxh7+ Kxh7 38. Qxc7+ Rg7 39. Qxa5 Qe3
40. Qd8 g5 41. Qxd6 Qd4 42. Qf6 Rg6 43. Qf7+ Kh6 44. Qf8+ Kh5 45. Qf5 Kh6 46.
Qf8+ Kh5 47. Qf5 1/2-1/2

[Event "Gibtelecom Festival 2010 - Challenger 2"]
[Site "Gibraltar ENG"]
[Date "2010.02.02"]
[Round "3.5"]
[White "Mlynek, Petr"]
[Black "Isherwood, Paul"]
[Result "0-1"]
[WhiteElo "2218"]
[BlackElo "2017"]
[PlyCount "88"]
[EventDate "2010.01.31"]
[EventType "swiss"]
[EventRounds "5"]
[EventCountry "ENG"]
[Source "lmi"]
[SourceDate "2010.01.31"]

1. d4 d6 2. Nf3 Nf6 3. c4 Nbd7 4. Nc3 e5 5. e4 c6 6. Be2 Be7 7. O-O O-O 8. h3
Re8 9. Be3 Bf8 10. Qc2 a6 11. Rfd1 Qc7 12. Rac1 exd4 13. Nxd4 Nc5 14. Bf3 g6
15. Bf4 a5 16. Nb3 b6 17. Nxc5 bxc5 18. Na4 Nd7 19. Bg4 Ne5 20. Bxc8 Raxc8 21.
Rd2 Rcd8 22. Rcd1 Bg7 23. Bg3 g5 24. b3 Qe7 25. Qc3 g4 26. hxg4 Nxg4 27. Qf3
Ne5 28. Qf5 Kh8 29. Bf4 f6 30. Nb2 Rg8 31. Nd3 Ng6 32. Bg3 Rge8 33. f3 Ne5 34.
Nf4 Bh6 35. Bh4 Bg5 36. Bg3 Nf7 37. Kf2 Nh6 38. Qh3 d5 39. cxd5 c4 40. bxc4
Qc5+ 41. Ke1 Qe3+ 42. Ne2 cxd5 43. f4 Rxe4 44. fxg5 Qg1# 0-1

[Event "Gibtelecom Festival 2010 - Challenger 2"]
[Site "Gibraltar ENG"]
[Date "2010.02.02"]
[Round "3.6"]
[White "Kandic, Milan"]
[Black "Sommerhalder, Eric"]
[Result "1/2-1/2"]
[WhiteElo "2216"]
[BlackElo "1899"]
[PlyCount "91"]
[EventDate "2010.01.31"]
[EventType "swiss"]
[EventRounds "5"]
[EventCountry "ENG"]
[Source "lmi"]
[SourceDate "2010.01.31"]

1. e4 c5 2. Nf3 d6 3. d4 cxd4 4. Nxd4 Nf6 5. Nc3 g6 6. Be2 Bg7 7. O-O O-O 8.
Be3 Nc6 9. h3 d5 10. exd5 Nb4 11. Bf3 Nbxd5 12. Nxd5 Nxd5 13. Bxd5 Qxd5 14. c3
e5 15. Nf3 Qc6 16. Re1 Be6 17. Qe2 Bd5 18. Red1 a6 19. Ne1 Rfd8 20. f3 Bc4 21.
Qc2 Be6 22. Rac1 Bf5 23. Qe2 Bf6 24. Qf2 Rxd1 25. Rxd1 Rd8 26. Rxd8+ Bxd8 27.
Qd2 Qd7 28. Qxd7 Bxd7 29. Nd3 Bc7 30. Kf2 f5 31. Nc5 Bc6 32. Ne6 Bd6 33. Nd8
Bd5 34. c4 Bxc4 35. Nxb7 Be7 36. b3 Bd5 37. Na5 Kf7 38. Nc4 Ke6 39. Ke2 e4 40.
f4 Bxc4+ 41. bxc4 Kd6 42. Kd2 Kc6 43. Kc3 Bc5 44. Bc1 Be7 45. Be3 Bc5 46. Bc1
1/2-1/2

[Event "Gibtelecom Festival 2010 - Challenger 2"]
[Site "Gibraltar ENG"]
[Date "2010.02.02"]
[Round "3.7"]
[White "Ungureanu, Sandu"]
[Black "Byron, Alan M"]
[Result "1-0"]
[WhiteElo "2094"]
[BlackElo "2196"]
[PlyCount "123"]
[EventDate "2010.01.31"]
[EventType "swiss"]
[EventRounds "5"]
[EventCountry "ENG"]
[Source "lmi"]
[SourceDate "2010.01.31"]

1. e4 Nf6 2. Nc3 d6 3. d4 g6 4. f4 Bg7 5. Nf3 O-O 6. Be3 a6 7. a4 Nbd7 8. Bd3
e5 9. fxe5 dxe5 10. d5 Ng4 11. Bg1 f5 12. h3 Nh6 13. Be3 f4 14. Bf2 Nf7 15. Ne2
Re8 16. c4 Bf8 17. Qc2 a5 18. c5 b6 19. Bb5 bxc5 20. Bxd7 Bxd7 21. Bxc5 Bd6 22.
O-O Qe7 23. Bxd6 cxd6 24. Rfc1 Rec8 25. Qd2 Rxc1+ 26. Nxc1 g5 27. b3 h5 28. Qe1
g4 29. hxg4 hxg4 30. Nd2 Kg7 31. Kf2 Rh8 32. Qg1 Rh2 33. Nf3 Rh8 34. Nd2 Ng5
35. Ke2 Qf7 36. Kd3 f3 37. Qe3 Kg6 38. gxf3 Rh3 39. Qb6 Qf6 40. Ne2 gxf3 41.
Nc3 f2+ 42. Kc2 Nf3 43. Nf1 Rh1 44. Kb2 Ne1 45. Ng3 f1=Q 46. Nxf1 Rxf1 47. Rd1
Rf2+ 48. Kb1 Ng2 49. Nb5 Bxb5 50. axb5 Kg5 51. Qxa5 Kf4 52. b6 Qg6 53. b7 Qxe4+
54. Ka1 Qc2 55. Rb1 Qd3 56. Qb4+ Ke3 57. b8=Q Rf4 58. Qa7+ Kf3 59. Qba3 Ne3 60.
Qc1 Nc2+ 61. Kb2 Nd4 62. Qf1+ 1-0

[Event "Gibtelecom Festival 2010 - Challenger 2"]
[Site "Gibraltar ENG"]
[Date "2010.02.02"]
[Round "3.8"]
[White "Jayakumar, Adarsh"]
[Black "Kawuma, Steven Male"]
[Result "0-1"]
[WhiteElo "2090"]
[BlackElo "2187"]
[PlyCount "100"]
[EventDate "2010.01.31"]
[EventType "swiss"]
[EventRounds "5"]
[EventCountry "ENG"]
[Source "lmi"]
[SourceDate "2010.01.31"]

1. d4 Nf6 2. c4 d6 3. Nc3 g6 4. e4 Bg7 5. f3 O-O 6. Be3 Nc6 7. Nge2 a6 8. Qd2
Rb8 9. Nc1 e5 10. d5 Nd4 11. Nb3 Nxb3 12. axb3 c5 13. dxc6 bxc6 14. Ra3 Bb7 15.
b4 Ne8 16. Be2 Nc7 17. O-O Ne6 18. Rd1 Nd4 19. c5 Qe7 20. cxd6 Qxd6 21. Na4 Bc8
22. Bxd4 Qxd4+ 23. Qxd4 exd4 24. Nc5 Rxb4 25. Rd2 Rd8 26. Nxa6 Bxa6 27. Rxa6
Bh6 28. Rd1 c5 29. Rc6 Be3+ 30. Kh1 Rxb2 31. Bd3 Ra8 32. Rxc5 Rd2 33. Rcc1 Rxd3
34. Rxd3 Bxc1 35. Rxd4 Bb2 36. Rd1 Ra1 37. Rxa1 Bxa1 38. g3 Kg7 39. Kg2 Kf6 40.
f4 Ke6 41. Kf3 Bd4 42. g4 Kd6 43. h3 Bg7 44. g5 Bb2 45. Kg4 Kc5 46. f5 Kd6 47.
fxg6 fxg6 48. h4 Ke5 49. Kf3 Bd4 50. h5 Bc5 0-1

[Event "Gibtelecom Festival 2010 - Challenger 2"]
[Site "Gibraltar ENG"]
[Date "2010.02.02"]
[Round "3.9"]
[White "Daoudi, Kamal"]
[Black "Hamer, Martyn"]
[Result "1-0"]
[WhiteElo "2155"]
[BlackElo "2039"]
[PlyCount "43"]
[EventDate "2010.01.31"]
[EventType "swiss"]
[EventRounds "5"]
[EventCountry "ENG"]
[Source "lmi"]
[SourceDate "2010.01.31"]

1. e4 e5 2. Nf3 Nf6 3. Nxe5 d6 4. Nf3 Nxe4 5. Bd3 Nc5 6. Be2 d5 7. d4 Ne4 8.
O-O Bd6 9. c4 dxc4 10. Bxc4 O-O 11. Re1 Nf6 12. h3 h6 13. Nc3 Nbd7 14. Qc2 Nb6
15. Bb3 c6 16. Bxh6 gxh6 17. Qg6+ Kh8 18. Qxh6+ Nh7 19. Bc2 f5 20. Nh4 Qf6 21.
Ng6+ Kg8 22. Bb3+ 1-0

[Event "Gibtelecom Festival 2010 - Challenger 2"]
[Site "Gibraltar ENG"]
[Date "2010.02.02"]
[Round "3.10"]
[White "Dasaolu, Adeoye"]
[Black "Nilsen, Joachim Birger"]
[Result "1/2-1/2"]
[WhiteElo "2068"]
[BlackElo "2152"]
[PlyCount "64"]
[EventDate "2010.01.31"]
[EventType "swiss"]
[EventRounds "5"]
[EventCountry "ENG"]
[Source "lmi"]
[SourceDate "2010.01.31"]

1. d4 f5 2. Bg5 h6 3. Bh4 g5 4. e3 Nf6 5. Bg3 Bg7 6. h4 e6 7. Nd2 d6 8. Bc4 Qe7
9. hxg5 hxg5 10. Rxh8+ Bxh8 11. Nh3 Qg7 12. Qe2 Nc6 13. O-O-O Bd7 14. Rh1 O-O-O
15. a3 e5 16. dxe5 dxe5 17. f3 f4 18. Be1 g4 19. Nf2 gxf3 20. gxf3 fxe3 21.
Qxe3 e4 22. c3 exf3 23. Nxf3 Ng4 24. Nxg4 Qxg4 25. Rh4 Qg6 26. Bd3 Qd6 27. Rh6
Qf8 28. Bg6 Bf6 29. Rh7 Qd6 30. Qd3 Qxd3 31. Bxd3 Ne5 32. Nxe5 Bxe5 1/2-1/2

[Event "Gibtelecom Festival 2010 - Challenger 2"]
[Site "Gibraltar ENG"]
[Date "2010.02.02"]
[Round "3.11"]
[White "Fokin, Sergey"]
[Black "Bryn, Askild"]
[Result "1-0"]
[WhiteElo "2109"]
[BlackElo "2036"]
[PlyCount "112"]
[EventDate "2010.01.31"]
[EventType "swiss"]
[EventRounds "5"]
[EventCountry "ENG"]
[Source "lmi"]
[SourceDate "2010.01.31"]

1. d4 d5 2. c4 c6 3. Nf3 e6 4. e3 f5 5. Bd3 Nf6 6. O-O Bd6 7. b3 Qe7 8. Bb2 O-O
9. Qc1 Ne4 10. Ba3 Bxa3 11. Qxa3 Qe8 12. Qb2 Rf6 13. Nbd2 Rh6 14. Rfc1 Nd7 15.
Nf1 Ndf6 16. Ne5 Nd7 17. Nxd7 Bxd7 18. f3 Nf6 19. b4 dxc4 20. Bxc4 Nd5 21. e4
fxe4 22. fxe4 Nf4 23. Ng3 Qd8 24. Qf2 Qg5 25. Rc3 Rf8 26. Rf3 Rhf6 27. Nf5 Nh5
28. Rf1 Kh8 29. Qe3 Qg6 30. Ng3 Nxg3 31. Rxg3 Rxf1+ 32. Bxf1 Qf6 33. Rf3 Qe7
34. Rxf8+ Qxf8 35. Qc3 b6 36. a3 Qf4 37. Qg3 Qxg3 38. hxg3 Kg8 39. Kf2 Kf7 40.
e5 Ke7 41. Bd3 g6 42. Ke3 Be8 43. a4 Kd7 44. b5 Kc7 45. Bc4 Bf7 46. Bd3 Be8 47.
g4 h6 48. g5 h5 49. g3 Bf7 50. Kd2 cxb5 51. axb5 Kd7 52. Be4 Kc7 53. Kc3 Kd8
54. Kc4 Ke7 55. Bc6 Kd8 56. Be4 Kd7 1-0

[Event "Gibtelecom Festival 2010 - Challenger 2"]
[Site "Gibraltar ENG"]
[Date "2010.02.02"]
[Round "3.12"]
[White "Mikalsen, Erlend"]
[Black "Flermoen, Peter"]
[Result "0-1"]
[WhiteElo "1973"]
[BlackElo "2108"]
[PlyCount "62"]
[EventDate "2010.01.31"]
[EventType "swiss"]
[EventRounds "5"]
[EventCountry "ENG"]
[Source "lmi"]
[SourceDate "2010.01.31"]

1. e4 c5 2. Nf3 Nc6 3. d4 cxd4 4. Nxd4 g6 5. Be3 Bg7 6. c4 Nf6 7. Nc3 Nxd4 8.
Bxd4 O-O 9. f3 d6 10. Be2 Bd7 11. O-O Bc6 12. Qd2 a5 13. b3 Nd7 14. Be3 Nc5 15.
Rab1 Qc7 16. Rfc1 Rfd8 17. Nd5 Bxd5 18. cxd5 Qb6 19. Bf1 Rdc8 20. a3 Qd8 21.
Qf2 Nd7 22. a4 Rxc1 23. Rxc1 Rc8 24. Rxc8 Qxc8 25. Bc4 Nc5 26. Bd4 Nxb3 27.
Bxg7 Qxc4 28. Bh6 Qxa4 29. Qb6 Qd4+ 30. Be3 Qxb6 31. Bxb6 a4 0-1

[Event "Gibtelecom Festival 2010 - Challenger 2"]
[Site "Gibraltar ENG"]
[Date "2010.02.02"]
[Round "3.13"]
[White "Tari, Aryan"]
[Black "Wheldon, Philip"]
[Result "1/2-1/2"]
[WhiteElo "1932"]
[BlackElo "2103"]
[PlyCount "123"]
[EventDate "2010.01.31"]
[EventType "swiss"]
[EventRounds "5"]
[EventCountry "ENG"]
[Source "lmi"]
[SourceDate "2010.01.31"]

1. e4 c5 2. Nf3 d6 3. d4 cxd4 4. Nxd4 Nf6 5. Nc3 Nc6 6. Bc4 Qb6 7. Nxc6 bxc6 8.
Bb3 g6 9. Be3 Qc7 10. f3 Bg7 11. Qd2 Be6 12. O-O-O Bxb3 13. axb3 O-O 14. h4
Rfb8 15. g4 a5 16. Na4 h5 17. gxh5 Nxh5 18. Rdg1 Rb5 19. f4 e6 20. Qf2 d5 21.
f5 exf5 22. exf5 d4 23. Bxd4 Rxf5 24. Bb6 Rxf2 25. Bxc7 Nf4 26. Rf1 Rxf1+ 27.
Rxf1 Nd5 28. Bb6 Nxb6 29. Nxb6 Rd8 30. Nc4 Rd5 31. c3 Rh5 32. Rd1 Bf6 33. Rd6
Bxh4 34. Rxc6 Rd5 35. Ra6 Bd8 36. Rd6 Rxd6 37. Nxd6 f5 38. Kd2 Bg5+ 39. Ke2 Bf4
40. Nb7 Bc7 41. Nc5 Kf7 42. Nd3 g5 43. b4 axb4 44. Nxb4 g4 45. Nd5 Be5 46. b4
Ke6 47. c4 f4 48. b5 Kd6 49. Nb4 Bd4 50. Nd3 f3+ 51. Kf1 g3 52. Ne1 f2 53. Nd3
Be3 54. Nb4 Ke5 55. Nd5 Kd4 56. Kg2 Kd3 57. Kf1 Bd4 58. Nf4+ Kxc4 59. Nh3 Kxb5
60. Ng5 Kc4 61. Ne4 Be5 62. Nxf2 1/2-1/2

[Event "Gibtelecom Festival 2010 - Challenger 2"]
[Site "Gibraltar ENG"]
[Date "2010.02.02"]
[Round "3.13"]
[White "Vea, Odin Blikra"]
[Black "Marder, Simon"]
[Result "1/2-1/2"]
[WhiteElo "2189"]
[BlackElo "1993"]
[PlyCount "75"]
[EventDate "2010.01.31"]
[EventType "swiss"]
[EventRounds "5"]
[EventCountry "ENG"]
[Source "lmi"]
[SourceDate "2010.01.31"]

1. e4 d5 2. exd5 Qxd5 3. Nc3 Qd6 4. d4 c6 5. Bc4 Nf6 6. Bg5 Bf5 7. Nf3 Nbd7 8.
O-O Bg4 9. Be2 e6 10. Qd2 Qc7 11. Ne5 Bf5 12. Bd3 Bxd3 13. Qxd3 Nxe5 14. dxe5
Qxe5 15. Bxf6 gxf6 16. Rad1 Qc7 17. Qf3 f5 18. Rfe1 Be7 19. Qh5 Kf8 20. Qh6+
Ke8 21. Qg7 Rf8 22. Qxh7 Rd8 23. Rxd8+ Kxd8 24. Qg7 Kc8 25. h4 Qf4 26. g3 Qd2
27. Rxe6 fxe6 28. Qxe7 Qe1+ 29. Kg2 Rd8 30. h5 f4 31. g4 e5 32. Qh7 f3+ 33. Kg3
Qg1+ 34. Kh4 Qh2+ 35. Kg5 Qf4+ 36. Kh4 Qh2+ 37. Kg5 Qf4+ 38. Kh4 1/2-1/2

[Event "Gibtelecom Festival 2010 - Challenger 2"]
[Site "Gibraltar ENG"]
[Date "2010.02.02"]
[Round "3.14"]
[White "Allor, Chukwuka"]
[Black "De Lillo, Michele"]
[Result "1-0"]
[WhiteElo "2100"]
[BlackElo "1934"]
[PlyCount "67"]
[EventDate "2010.01.31"]
[EventType "swiss"]
[EventRounds "5"]
[EventCountry "ENG"]
[Source "lmi"]
[SourceDate "2010.01.31"]

1. e4 c5 2. Nf3 e6 3. d4 cxd4 4. Nxd4 a6 5. Nc3 Qc7 6. Be2 Nf6 7. O-O Be7 8. f4
d6 9. Be3 Nbd7 10. a4 b6 11. Bf3 Bb7 12. Kh1 O-O 13. Qe1 Nc5 14. Bf2 d5 15.
exd5 Nxd5 16. Nxe6 fxe6 17. Bxc5 Qxc5 18. Qxe6+ Kh8 19. Bxd5 Bxd5 20. Nxd5 Bf6
21. Nxf6 gxf6 22. Qe2 Rae8 23. Qxa6 Re3 24. Rae1 Rfe8 25. Rxe3 Rxe3 26. h3 Kg7
27. Qb5 Qxc2 28. Qxb6 Re2 29. a5 Qe4 30. Rf3 Re1+ 31. Kh2 Qb1 32. Rg3+ Kf7 33.
Qb3+ Kf8 34. Qg8+ 1-0

[Event "Gibtelecom Festival 2010 - Challenger 2"]
[Site "Gibraltar ENG"]
[Date "2010.02.02"]
[Round "3.15"]
[White "Arvola, Benjamin"]
[Black "Carr, Chris"]
[Result "0-1"]
[WhiteElo "2218"]
[BlackElo "1864"]
[PlyCount "64"]
[EventDate "2010.01.31"]
[EventType "swiss"]
[EventRounds "5"]
[EventCountry "ENG"]
[Source "lmi"]
[SourceDate "2010.01.31"]

1. e4 c5 2. Nf3 a6 3. c3 d5 4. exd5 Qxd5 5. d4 Nf6 6. Be2 e6 7. O-O Be7 8. Ne5
O-O 9. Bf3 Qd8 10. Qb3 Nbd7 11. Nd2 cxd4 12. cxd4 Nb6 13. Ndc4 Nxc4 14. Nxc4
Bd7 15. Bxb7 Ra7 16. Bf3 Bb5 17. Rd1 Nd5 18. Ne3 Bc6 19. Nxd5 Bxd5 20. Bxd5
Qxd5 21. Qxd5 exd5 22. Bf4 Rb7 23. b3 Ba3 24. Rd2 Rc8 25. Re2 Kf8 26. f3 Re7
27. Rae1 Rxe2 28. Rxe2 Rc6 29. Kf2 f6 30. Ke3 Bc1+ 31. Rd2 g5 32. Kd3 gxf4 0-1

[Event "Gibtelecom Festival 2010 - Challenger 2"]
[Site "Gibraltar ENG"]
[Date "2010.02.02"]
[Round "3.16"]
[White "McBeth, Michael J"]
[Black "Martinez Rodriguez, Pablo"]
[Result "0-1"]
[WhiteElo "2011"]
[BlackElo "2234"]
[PlyCount "62"]
[EventDate "2010.01.31"]
[EventType "swiss"]
[EventRounds "5"]
[EventCountry "ENG"]
[Source "lmi"]
[SourceDate "2010.01.31"]

1. e4 c6 2. d4 d5 3. exd5 cxd5 4. c4 Nf6 5. Nc3 e6 6. Nf3 Be7 7. cxd5 Nxd5 8.
Bd3 O-O 9. O-O Nc6 10. Re1 Ncb4 11. Bb1 Nxc3 12. bxc3 Nd5 13. Qd3 Nf6 14. Ne5
Bd7 15. Bc2 Rc8 16. Bg5 g6 17. Bh6 Re8 18. Bb3 Qc7 19. Rac1 Bf8 20. Bg5 Bg7 21.
c4 Bc6 22. d5 exd5 23. Bxf6 Bxf6 24. Ng4 Bg5 25. cxd5 Bxc1 26. Nf6+ Kf8 27.
Rxc1 Qf4 28. Qc3 Bb5 29. Qxc8 Rxc8 30. Rxc8+ Kg7 31. Ne8+ Bxe8 0-1

[Event "Gibtelecom Festival 2010 - Challenger 2"]
[Site "Gibraltar ENG"]
[Date "2010.02.02"]
[Round "3.17"]
[White "Horrocks, Stephen J"]
[Black "Tjolsen, Katrine"]
[Result "1-0"]
[WhiteElo "1992"]
[BlackElo "2212"]
[PlyCount "153"]
[EventDate "2010.01.31"]
[EventType "swiss"]
[EventRounds "5"]
[EventCountry "ENG"]
[Source "lmi"]
[SourceDate "2010.01.31"]

1. d4 Nf6 2. Nf3 g6 3. Bg5 Bg7 4. Nbd2 O-O 5. e3 c5 6. Bxf6 exf6 7. dxc5 Qa5 8.
c3 Qxc5 9. Be2 f5 10. O-O Nc6 11. Nb3 Qe7 12. Qd5 d6 13. Rad1 Rd8 14. Na5 Qc7
15. Nb3 Be6 16. Qd2 a5 17. Nfd4 Nxd4 18. exd4 Bd5 19. Rc1 a4 20. Na1 b5 21. Bf3
Bxf3 22. gxf3 Qe7 23. Qf4 Qe2 24. Nc2 Rac8 25. Rfe1 Qc4 26. Nb4 Bf6 27. a3 Kg7
28. Qe3 h6 29. Qd3 d5 30. Re2 Kf8 31. Rce1 Rc7 32. Kg2 Rcc8 33. Kg1 Rd7 34. Kg2
Be7 35. Qxc4 bxc4 36. Nxd5 Bd6 37. Nb6 Rdc7 38. Nxc8 Rxc8 39. Rd1 Rb8 40. d5
Rc8 41. h3 Rb8 42. Kf1 Rc8 43. Ke1 Rb8 44. Kd2 Bf4+ 45. Kc2 Bd6 46. Rd4 Rc8 47.
Re1 Rc7 48. Red1 Kg8 49. Rh4 Kg7 50. Rdd4 g5 51. Rxc4 gxh4 52. Rxa4 Bg3 53. c4
Kf6 54. Kd3 Bxf2 55. b4 Ke5 56. Ra6 Bg3 57. d6 Rd7 58. c5 Kd5 59. a4 Rd8 60.
Ra7 f6 61. a5 Bf2 62. Rc7 Be1 63. Rb7 Kc6 64. Rb6+ Kd5 65. Kc2 Bxb4 66. Rxb4
Kxc5 67. Rb6 Rd7 68. Kb3 Ra7 69. Ka4 h5 70. Rb5+ Kxd6 71. Rxf5 Ke6 72. Rxh5 f5
73. Rxh4 Kf6 74. Kb5 Kg5 75. Ra4 Re7 76. a6 f4 77. a7 1-0

[Event "Gibtelecom Festival 2010 - Challenger 2"]
[Site "Gibraltar ENG"]
[Date "2010.02.02"]
[Round "3.18"]
[White "Zanetti, Bruno"]
[Black "Ivanov, Stojan Emilov"]
[Result "0-1"]
[WhiteElo "1978"]
[BlackElo "2198"]
[PlyCount "94"]
[EventDate "2010.01.31"]
[EventType "swiss"]
[EventRounds "5"]
[EventCountry "ENG"]
[Source "lmi"]
[SourceDate "2010.01.31"]

1. d4 Nf6 2. c4 e5 3. dxe5 Ng4 4. Nf3 Nc6 5. Bf4 Bb4+ 6. Nbd2 Qe7 7. a3 Ngxe5
8. Nxe5 Nxe5 9. e3 Bxd2+ 10. Qxd2 d6 11. Rc1 O-O 12. Be2 b6 13. O-O Bb7 14. b4
Rad8 15. Qc3 Ng6 16. Bg3 Nh4 17. c5 dxc5 18. bxc5 Nf5 19. Bf4 g5 20. Be5 f6 21.
Bg3 Nxg3 22. hxg3 Kg7 23. a4 Rd5 24. cxb6 cxb6 25. Rfd1 Rxd1+ 26. Rxd1 Rd8 27.
a5 Rxd1+ 28. Bxd1 Qc5 29. Qxc5 bxc5 30. f3 Ba6 31. Kf2 Kf7 32. Be2 c4 33. Ke1
Ke6 34. Kd1 Kd5 35. Kc2 Kc5 36. Kc3 h5 37. e4 Bb5 38. Bf1 Ba6 39. Be2 h4 40.
gxh4 gxh4 41. Bf1 Kb5 42. Bxc4+ Kxa5 43. Bxa6 Kxa6 44. f4 Kb5 45. Kb3 Kc5 46.
Ka4 Kd4 47. e5 fxe5 0-1